Sidney Sheldon's chasing tomorrow : (Record no. 144428)

MARC details
000 -LEADER
fixed length control field 00827nam a22002297a 4500
005 - DATE AND TIME OF LATEST TRANSACTION
control field 20181112172540.0
010 ## - LCCN (DPL NO)
LC control number 1718EN-30 ENG-121968 B-686979-982
020 ## - INTERNATIONAL STANDARD BOOK NUMBER
International Standard Book Number 9780007541980
Terms of availability 399.00
035 ## - SYSTEM CONTROL NUMBER
System control number EN-105500
035 ## - SYSTEM CONTROL NUMBER
System control number B-686979-982
037 ## - SOURCE OF ACQUISITION
Source of stock number/acquisition Index International
Stock number dpl
037 ## - SOURCE OF ACQUISITION
Source of stock number/acquisition DBAD/PUB
082 ## - DEWEY DECIMAL CLASSIFICATION NUMBER
Classification number N
100 ## - MAIN ENTRY--PERSONAL NAME
Personal name Sheldon, Sidney
245 ## - TITLE STATEMENT
Title Sidney Sheldon's chasing tomorrow :
Statement of responsibility, etc by Sidney Sheldon
260 ## - PUBLICATION, DISTRIBUTION, ETC. (IMPRINT)
Date of publication, distribution, etc 2014
Place of publication, distribution, etc Noida
Name of publisher, distributor, etc HarperCollins
270 ## - ADDRESS
Address 1 London Bridge Street
City London
Postal code SE1 9GF
300 ## - PHYSICAL DESCRIPTION
Dimensions 17cm(pbk)
Extent 394p.
700 ## - ADDED ENTRY--PERSONAL NAME
Personal name Bagshawe, Tilly
942 ## - ADDED ENTRY ELEMENTS (KOHA)
Item type English Books
Source of classification or shelving scheme Dewey Decimal Classification
Call number suffix SHE
Classification part N
Holdings
Withdrawn status Lost status Not for loan Collection code Home library Current library Date acquired Source of acquisition Cost, normal purchase price Full call number Barcode Copy number Cost, replacement price Koha item type
      Fiction Ashok Vihar Ashok Vihar 27/04/2018 Index /DPL/84/2017-18/05.12.2017/649/20.11.2017/06.01.2018 399.00 N SHE B-686980 1 399.00 English Books
      Fiction Central Library Central Library 27/04/2018 Index /DPL/84/2017-18/05.12.2017/649/20.11.2017/06.01.2018 399.00 N SHE B-686979 1 399.00 English Books
      Fiction Janak Puri Janak Puri 27/04/2018 Index /DPL/84/2017-18/05.12.2017/649/20.11.2017/06.01.2018 399.00 N SHE B-686982 1 399.00 English Books
      Non-fiction Narela Narela 23/12/2017 DBAD/PUB 350.00 N SHE EN-105500 1 350.00 English Books
      Fiction Patel Nagar Patel Nagar 27/04/2018 Index /DPL/84/2017-18/05.12.2017/649/20.11.2017/06.01.2018 399.00 N SHE B-686981 1 399.00 English Books

© Delhi Public Library
Hit Counter
free hit counter